[Event "SVK-ch15 corr"]
[Site "Slovakia"]
[Date "2000.??.??"]
[Round "?"]
[White "Bazela, Emil"]
[Black "Kovari, Gabriel"]
[Result "1/2-1/2"]
[WhiteElo "2397"]
[BlackElo "2431"]
[PlyCount "114"]
[EventDate "2000.??.??"]
[EventType "tourn (corr)"]
[EventRounds "14"]
[EventCountry "SVK"]
[EventCategory "4"]
[SourceTitle "Corr 2002"]
[Source "ChessBase"]
[SourceDate "2002.05.23"]
[SourceVersion "1"]
[SourceVersionDate "2002.05.23"]
[SourceQuality "1"]

1. c4 e5 2. Nc3 Nf6 3. g3 c6 4. Nf3 e4 5. Nd4 d5 6. cxd5 Qb6 7. Nb3 cxd5 8. Bg2 Bf5 9. d3 Bb4 10. 0-0 Bxc3 11. bxc3 0-0 12. Be3 Qc7 13. Rc1 Nc6 14. c4 dxc4 15. Rxc4 Rad8 16. Nd4 Bg6 17. dxe4 Bxe4 18. Bxe4 Nxe4 19. Qc2 Nd6 20. Ra4 Nc8 21. Rc1 h6 22. Nf5 h5 23. Qc3 f6 24. Nd4 Qf7 25. Nxc6 bxc6 26. Qxc6 Rd7 27. Qa6 Rd6 28. Qc4 Nb6 29. Qxf7+ Rxf7 30. Rd4 Rfd7 31. Rxd6 Rxd6 32. Rc5 Nd5 33. Bd4 Nf4 34. gxf4 Rxd4 35. Ra5 Rxf4 36. Rxa7 Rc4 37. a4 Kh7 38. a5 Ra4 39. a6 Kh6 40. Kg2 g5 41. Ra8 Kg7 42. a7 f5 43. e3 Ra1 44. h3 h4 45. f3 Ra2+ 46. Kf1 Ra1+ 47. Ke2 Ra2+ 48. Kd3 Ra1 49. e4 g4 50. fxg4 fxg4 51. Rb8 Rxa7 52. hxg4 h3 53. Ke3 h2 54. Rb1 Kf6 55. Kf4 Rh7 56. Rh1 Rh3 57. e5+ Kg6 1/2-1/2

[Event "SVK-ch15 corr"]
[Site "Slovakia"]
[Date "2000.??.??"]
[Round "?"]
[White "Kovari, Gabriel"]
[Black "Eiben, Pavel"]
[Result "1/2-1/2"]
[WhiteElo "2431"]
[BlackElo "2442"]
[PlyCount "129"]
[EventDate "2000.??.??"]
[EventType "tourn (corr)"]
[EventRounds "14"]
[EventCountry "SVK"]
[EventCategory "4"]
[SourceTitle "Corr 2002"]
[Source "ChessBase"]
[SourceDate "2002.05.23"]
[SourceVersion "1"]
[SourceVersionDate "2002.05.23"]
[SourceQuality "1"]

1. Nf3 Nf6 2. b3 g6 3. Bb2 Bg7 4. c4 0-0 5. g3 d6 6. Bg2 e5 7. 0-0 c5 8. d3 Nc6 9. Nc3 Bg4 10. h3 Bd7 11. e3 Ne8 12. Ne1 f5 13. Nd5 Be6 14. Nc2 Ne7 15. Nxe7+ Qxe7 16. f4 Rd8 17. Rb1 Nf6 18. Qf3 b6 19. Rfd1 Qc7 20. Qb7 Qxb7 21. Bxb7 exf4 22. exf4 d5 23. Re1 Bf7 24. Ne3 dxc4 25. dxc4 Rfe8 26. Bxf6 Bxf6 27. Nd5 Bd4+ 28. Kg2 Kf8 29. Bc6 Rxe1 30. Rxe1 Rd6 31. Bb5 Bg7 32. Kf2 h6 33. Kf3 g5 34. g4 fxg4+ 35. hxg4 gxf4 36. Nxf4 Bf6 37. Ke4 Bg5 38. Ke5 Rd2 39. a3 Rb2 40. Ba4 Kg8 41. Ra1 Rf2 42. Nd5 Kg7 43. Kd6 Rg2 44. Kc7 Rxg4 45. Kb7 Bxd5+ 46. cxd5 c4 47. bxc4 Rxc4 48. Bc6 Be7 49. Kxa7 Bc5 50. Kb7 Rd4 51. a4 Rd3 52. Rh1 Rd2 53. Kc7 Rd3 54. Rh5 Rd2 55. Re5 Bf2 56. Re7+ Kf6 57. Re4 Kf5 58. Re8 Bc5 59. Rd8 Bd4 60. Rf8+ Kg4 61. Re8 Bc5 62. Re6 h5 63. d6 Kf5 64. Bd7 Bb4 65. Kxb6 1/2-1/2

[Event "SVK-ch15 corr"]
[Site "Slovakia"]
[Date "2000.??.??"]
[Round "?"]
[White "Miciak, Emanuel"]
[Black "Kovari, Gabriel"]
[Result "1/2-1/2"]
[WhiteElo "2431"]
[BlackElo "2431"]
[PlyCount "113"]
[EventDate "2000.??.??"]
[EventType "tourn (corr)"]
[EventRounds "14"]
[EventCountry "SVK"]
[EventCategory "4"]
[SourceTitle "Corr 2002"]
[Source "ChessBase"]
[SourceDate "2002.05.23"]
[SourceVersion "1"]
[SourceVersionDate "2002.05.23"]
[SourceQuality "1"]

1. d4 d5 2. c4 c6 3. Nf3 Nf6 4. Nc3 e6 5. e3 Nbd7 6. Qc2 Bd6 7. b3 0-0 8. Be2 e5 9. dxe5 Nxe5 10. cxd5 cxd5 11. Bb2 Bg4 12. Nd4 Rc8 13. f3 Bd7 14. 0-0 Re8 15. Qd2 a6 16. Rac1 b5 17. Nc2 Bf5 18. Nd4 Bd7 19. Nc2 Bc6 20. Nd1 Bb7 21. Nd4 Rxc1 22. Qxc1 g6 23. Qc3 Qe7 24. Qe1 Ned7 25. Qh4 Ba3 26. Nc2 Bxb2 27. Nxb2 Qc5 28. Bd3 Ne4 29. fxe4 dxe4 30. Bc4 bxc4 31. Nxc4 Bd5 32. N2a3 Rc8 33. Rd1 f5 34. Qf4 Bxc4 35. Nxc4 Nb6 36. Qe5 Qxe5 37. Nxe5 Rc5 38. Rd6 Nd5 39. Nc4 a5 40. Rd8+ Kg7 41. Rd7+ Kh6 42. Ra7 Nc3 43. Rxa5 Rxa5 44. Nxa5 Nxa2 45. Nc6 Kg5 46. b4 Nc3 47. Kf2 Kf6 48. h3 Ke6 49. Nd4+ Kd5 50. b5 Kc5 51. g4 fxg4 52. hxg4 h6 53. Kg3 Nd5 54. g5 h5 55. Ne6+ Kxb5 56. Nf8 Nxe3 57. Nxg6 1/2-1/2

[Event "SVK-ch15 corr"]
[Site "Slovakia"]
[Date "1999.??.??"]
[Round "?"]
[White "Kovari, Gabriel"]
[Black "Lelenko, Alexej"]
[Result "1/2-1/2"]
[WhiteElo "2431"]
[BlackElo "2069"]
[PlyCount "62"]
[EventDate "2000.??.??"]
[EventType "tourn (corr)"]
[EventRounds "14"]
[EventCountry "SVK"]
[EventCategory "4"]
[SourceTitle "Corr 2002"]
[Source "ChessBase"]
[SourceDate "2002.05.23"]
[SourceVersion "1"]
[SourceVersionDate "2002.05.23"]
[SourceQuality "1"]

1. Nf3 Nf6 2. b3 g6 3. Bb2 Bg7 4. c4 0-0 5. g3 d6 6. Bg2 e5 7. d3 Nc6 8. Nbd2 Nd7 9. Rb1 Re8 10. 0-0 Nf8 11. Ne1 Ne6 12. Nc2 a5 13. a3 Bd7 14. b4 axb4 15. axb4 Qc8 16. e3 Ne7 17. Ra1 Bc6 18. e4 Ba4 19. Ra3 b5 20. Nb3 c5 21. bxc5 dxc5 22. cxb5 Bxb5 23. Bh3 Rxa3 24. Bxe6 fxe6 25. Bxa3 c4 26. Bxe7 cxb3 27. Na3 Qd7 28. Nxb5 Qxb5 29. Ba3 Rc8 30. Qb1 Rc2 31. Rc1 Qxd3 1/2-1/2

[Event "SVK-14ch corr9798"]
[Site "Slovakia"]
[Date "1997.??.??"]
[Round "?"]
[White "Kovari, Gabriel"]
[Black "Bazela, Emil"]
[Result "1-0"]
[WhiteElo "2385"]
[BlackElo "2416"]
[PlyCount "85"]
[EventDate "1997.??.??"]
[EventType "tourn (corr)"]
[EventRounds "14"]
[EventCountry "SVK"]
[EventCategory "2"]
[SourceTitle "Corr Nr. 1"]
[Source "ChessBase"]
[SourceDate "1997.09.01"]
[SourceVersion "2"]
[SourceVersionDate "2000.04.19"]
[SourceQuality "1"]

1. Nf3 Nf6 2. b3 d6 3. d4 Bf5 4. e3 Nbd7 5. Bb2 e6 6. Bd3 Bxd3 7. Qxd3 c5 8. 0-0 Be7 9. c4 cxd4 10. exd4 d5 11. Nc3 Qa5 12. c5 0-0 13. a3 Qc7 14. Rac1 a5 15. b4 Rfc8 16. b5 b6 17. c6 Nf8 18. Ne5 Ng6 19. f4 a4 20. Rce1 Bd6 21. Qc2 Ra5 22. Qd1 Ne7 23. Kh1 Rca8 24. Re3 Ne4 25. Rh3 Nf6 26. g4 g6 27. Qe2 Kg7 28. Nd1 Ne4 29. Nf2 Nf6 30. Bc3 R5a7 31. Bd2 Rh8 32. f5 exf5 33. Bh6+ Kg8 34. gxf5 Nxf5 35. Nfg4 Nxg4 36. Nxg4 Nxh6 37. Nxh6+ Kg7 38. Rxf7+ Qxf7 39. Nxf7 Rxf7 40. Rf3 Re7 41. Qa2 Rhe8 42. Qxd5 Bc7 43. Rf2 1-0

[Event "SVK-14ch corr9798"]
[Site "Slovakia"]
[Date "1997.??.??"]
[Round "?"]
[White "Kovari, Gabriel"]
[Black "Hudec, Jan"]
[Result "1/2-1/2"]
[WhiteElo "2385"]
[BlackElo "2360"]
[PlyCount "105"]
[EventDate "1997.??.??"]
[EventType "tourn (corr)"]
[EventRounds "14"]
[EventCountry "SVK"]
[EventCategory "2"]
[SourceTitle "Corr Nr. 1"]
[Source "ChessBase"]
[SourceDate "1997.09.01"]
[SourceVersion "2"]
[SourceVersionDate "2000.04.19"]
[SourceQuality "1"]

1. Nf3 d5 2. b3 c5 3. e3 Nf6 4. Bb2 e6 5. c4 dxc4 6. bxc4 Nc6 7. Be2 Be7 8. 0-0 0-0 9. d4 b6 10. Nc3 cxd4 11. exd4 Bb7 12. Re1 Rc8 13. a3 Na5 14. Nd2 Bd6 15. g3 Qd7 16. Rc1 Rfd8 17. Ncb1 Be7 18. Bf3 Bxf3 19. Qxf3 Rc7 20. Qe2 Rdc8 21. Rc2 Qd8 22. Rec1 a6 23. Nf3 Bd6 24. Nbd2 b5 25. c5 Bf8 26. Ne5 Qd5 27. f3 Nc6 28. Nxc6 Rxc6 29. Re1 Be7 30. f4 Rd8 31. Nf3 Nd7 32. Qe4 Qxe4 33. Rxe4 Bf6 34. g4 g6 35. Kg2 Bg7 36. Ne5 Bxe5 37. fxe5 Nb6 38. Bc1 Nd5 39. Bd2 Ra8 40. Re1 Kg7 41. Rf1 Ra7 42. Kf3 Rd7 43. Rb2 Rc8 44. Rc1 Ne7 45. Ke4 Nc6 46. Be3 Rcd8 47. Rd1 Rd5 48. Rdd2 Na5 49. Rd3 Nc4 50. Rbb3 h6 51. Bf2 Na5 52. Rb2 Nc6 53. Rbd2 1/2-1/2

[Event "SVK-14ch corr9798"]
[Site "Slovakia"]
[Date "1997.??.??"]
[Round "?"]
[White "Kovari, Gabriel"]
[Black "Karasek, Lubomir"]
[Result "0-1"]
[WhiteElo "2385"]
[BlackElo "2335"]
[PlyCount "82"]
[EventDate "1997.??.??"]
[EventType "tourn (corr)"]
[EventRounds "14"]
[EventCountry "SVK"]
[EventCategory "2"]
[SourceTitle "Corr Nr. 1"]
[Source "ChessBase"]
[SourceDate "1997.09.01"]
[SourceVersion "2"]
[SourceVersionDate "2000.04.19"]
[SourceQuality "1"]

1. Nf3 d5 2. b3 Bg4 3. e3 Nf6 4. Bb2 Nbd7 5. Be2 e6 6. 0-0 Bd6 7. d4 0-0 8. c4 dxc4 9. bxc4 c5 10. h3 Bh5 11. Nbd2 Rc8 12. Ne5 Bxe2 13. Qxe2 Qc7 14. Nxd7 Nxd7 15. Ne4 Be7 16. Rac1 cxd4 17. exd4 Rfd8 18. d5 Qb6 19. Rfd1 Qa6 20. Qg4 e5 21. d6 Bf8 22. a3 g6 23. Qh4 Bg7 24. c5 Qb5 25. Rd2 Re8 26. Rc4 Qc6 27. Rdc2 f5 28. Ng5 h6 29. Nf3 Qd5 30. Rd2 Qe6 31. Rdc2 Rc6 32. Ne1 g5 33. Qh5 Rec8 34. f4 gxf4 35. Nd3 Kh7 36. Qe2 Qg6 37. Kh1 b6 38. Ra4 a5 39. Bxe5 f3 40. gxf3 Bxe5 41. Qe1 Rg8 0-1

[Event "SVK-14ch corr9798"]
[Site "Slovakia"]
[Date "1997.??.??"]
[Round "?"]
[White "Kovari, Gabriel"]
[Black "Kubis, Ivan"]
[Result "1-0"]
[WhiteElo "2385"]
[BlackElo "2350"]
[PlyCount "115"]
[EventDate "1997.??.??"]
[EventType "tourn (corr)"]
[EventRounds "14"]
[EventCountry "SVK"]
[EventCategory "2"]
[SourceTitle "Corr Nr. 1"]
[Source "ChessBase"]
[SourceDate "1997.09.01"]
[SourceVersion "2"]
[SourceVersionDate "2000.04.19"]
[SourceQuality "1"]

1. Nf3 Nf6 2. b3 d5 3. Bb2 Bg4 4. e3 Nbd7 5. d4 e6 6. Be2 Bd6 7. c4 c6 8. 0-0 0-0 9. Nbd2 Qe7 10. Rc1 Ne4 11. c5 Bc7 12. Nxe4 dxe4 13. Nd2 Bxe2 14. Qxe2 f5 15. b4 Nf6 16. f3 exf3 17. Nxf3 Qd7 18. a4 a6 19. Bc3 Ne4 20. Nd2 Nxd2 21. Qxd2 e5 22. Qa2+ Qf7 23. Qxf7+ Rxf7 24. Rcd1 exd4 25. exd4 Rd8 26. b5 axb5 27. axb5 Rd5 28. bxc6 bxc6 29. Rfe1 Rfd7 30. Ra1 Bd8 31. Ra6 Bf6 32. Rxc6 Bxd4+ 33. Bxd4 Rxd4 34. Rc8+ Kf7 35. c6 R7d6 36. Rc1 Rd8 37. Rc7+ Kf6 38. Ra7 h6 39. Raa1 Rc8 40. c7 Ke6 41. Rc3 Kd7 42. Rac1 Rd6 43. Rc5 g6 44. h4 Ke6 45. Kf2 Rd2+ 46. Kf3 Rd3+ 47. Ke2 Rd6 48. Ke3 Kf6 49. Rc6 Ke6 50. Kf4 Kd7 51. Rxd6+ Kxd6 52. g3 Rxc7 53. Rxc7 Kxc7 54. Ke5 Kd7 55. Kf6 g5 56. hxg5 hxg5 57. Kxf5 g4 58. Kxg4 1-0

[Event "SVK-14ch corr9798"]
[Site "Slovakia"]
[Date "1997.??.??"]
[Round "?"]
[White "Kovari, Gabriel"]
[Black "Miciak, Emanuel"]
[Result "1-0"]
[WhiteElo "2385"]
[BlackElo "2410"]
[PlyCount "61"]
[EventDate "1997.??.??"]
[EventType "tourn (corr)"]
[EventRounds "14"]
[EventCountry "SVK"]
[EventCategory "2"]
[SourceTitle "Corr Nr. 1"]
[Source "ChessBase"]
[SourceDate "1997.09.01"]
[SourceVersion "2"]
[SourceVersionDate "2000.04.19"]
[SourceQuality "1"]

1. Nf3 Nf6 2. b3 g6 3. Bb2 Bg7 4. c4 d6 5. d4 0-0 6. g3 Bf5 7. Bg2 Qc8 8. 0-0 Bh3 9. Nc3 Bxg2 10. Kxg2 c6 11. e4 Nbd7 12. Qe2 e6 13. e5 dxe5 14. dxe5 Ng4 15. Nd2 Nh6 16. f4 Nf5 17. Nf3 Qc7 18. g4 Ne7 19. Ne4 Rad8 20. Rad1 c5 21. Rd6 Nc8 22. Rd3 Nb8 23. Rfd1 b6 24. Nd6 Rd7 25. Ng5 Nxd6 26. exd6 Qb7+ 27. Kg1 Nc6 28. Bxg7 Kxg7 29. Rh3 Rh8 30. Qb2+ Nd4 31. Rxd4 1-0

[Event "SVK-14ch corr9798"]
[Site "Slovakia"]
[Date "1997.??.??"]
[Round "?"]
[White "Kubasky, Alojz"]
[Black "Kovari, Gabriel"]
[Result "0-1"]
[WhiteElo "2230"]
[BlackElo "2385"]
[PlyCount "102"]
[EventDate "1997.??.??"]
[EventType "tourn (corr)"]
[EventRounds "14"]
[EventCountry "SVK"]
[EventCategory "2"]
[SourceTitle "Corr Nr. 1"]
[Source "ChessBase"]
[SourceDate "1997.09.01"]
[SourceVersion "2"]
[SourceVersionDate "2000.04.19"]
[SourceQuality "1"]

1. e4 c5 2. Nf3 Nc6 3. Bb5 a6 4. Bxc6 dxc6 5. h3 g6 6. 0-0 Bg7 7. d3 Nf6 8. Nc3 0-0 9. Be3 b6 10. Qd2 e5 11. Ne2 Ne8 12. a4 a5 13. Qc3 Qc7 14. Bd2 h6 15. b3 Kh7 16. Ng3 Be6 17. Bc1 f6 18. Bb2 Rd8 19. Nh4 Qe7 20. Qd2 Nd6 21. Qe3 Rde8 22. Ne2 Bf7 23. Bc3 f5 24. Nf3 f4 25. Qc1 g5 26. Kh1 Bh5 27. Neg1 g4 28. hxg4 Bxg4 29. Nh2 Qh4 30. f3 Bd7 31. Qe1 Qh5 32. Ne2 Nf7 33. Qf2 Ng5 34. Bb2 Bf6 35. b4 cxb4 36. Qxb6 Bd8 37. Qb7 Rf7 38. Qb8 Rfe7 39. Qa7 Rg8 40. Qc5 Rf7 41. Qxe5 Bf6 42. Qxf6 Rxf6 43. Bxf6 Qg6 44. Bxg5 Qxg5 45. Rg1 Qh4 46. Rgf1 c5 47. Ra2 Rg5 48. Kg1 Bh3 49. Ng4 Bxg4 50. fxg4 Rxg4 51. Raa1 Qg5 0-1